Nasib harimau tua (Record no. 158603)

MARC details
000 -LEADER
fixed length control field 00753nam a2200277 i 4500
001 - CONTROL NUMBER
control field C2-0212098
003 - CONTROL NUMBER IDENTIFIER
control field PPAK
005 - DATE AND TIME OF LATEST TRANSACTION
control field 20180728103133.0
008 - FIXED-LENGTH DATA ELEMENTS--GENERAL INFORMATION
fixed length control field 990401s1997 my a|||| ||||| | may d
020 ## - INTERNATIONAL STANDARD BOOK NUMBER
International Standard Book Number 983893304X
040 ## - CATALOGING SOURCE
Original cataloging agency PPAK
Language of cataloging eng
Transcribing agency PPAK
Description conventions rda
082 04 - DEWEY DECIMAL CLASSIFICATION NUMBER
Classification number 398.245
Edition number 23
090 00 - LOCALLY ASSIGNED LC-TYPE CALL NUMBER (OCLC); LOCAL CALL NUMBER (RLIN)
Classification number (OCLC) (R) ; Classification number, CALL (RLIN) (NR) 398.245
Feature heading JAA
Feature heading K
100 0# - MAIN ENTRY--PERSONAL NAME
Personal name Jaafar Taib,
Relator term author
245 10 - TITLE STATEMENT
Title Nasib harimau tua
264 #1 - PRODUCTION, PUBLICATION, DISTRIBUTION, MANUFACTURE, AND COPYRIGHT NOTICE
Place of production, publication, distribution, manufacture Kuala Lumpur :
Name of producer, publisher, distributor, manufacturer Creative ,
Date of production, publication, distribution, manufacture, or copyright notice 1997
300 ## - PHYSICAL DESCRIPTION
Extent 47 pages :
Other physical details colour illustrations ;
Dimensions 30 cm
336 ## - CONTENT TYPE
Source rdacontent
Content type term text
337 ## - MEDIA TYPE
Source rdamedia
Media type term unmediated
338 ## - CARRIER TYPE
Source rdacarrier
Carrier type term volume
490 1# - SERIES STATEMENT
Series statement Siri kancil
500 ## - GENERAL NOTE
General note Jilid 10
650 10 - SUBJECT ADDED ENTRY--TOPICAL TERM
Topical term or geographic name entry element Tales - Malaysia ; Folk literature, Malay
830 #0 - SERIES ADDED ENTRY--UNIFORM TITLE
Uniform title Siri kancil
942 ## - ADDED ENTRY ELEMENTS (KOHA)
-- dc
Koha item type Book
Holdings
Withdrawn Not for loan Current library Shelving location Date acquired Total Checkouts Total Renewals Full call number Barcode Date last seen Date last checked out Koha item type
    Perpustakaan Awam Sungai Petani Pinjaman Kanak-kanak 21/08/2000 3 3 K 398.245 JAA A00937675 02/08/2023 04/07/2023 Book
    Perpustakaan Langkawi Pinjaman Kanak-kanak 21/08/2000     K 398.245 JAA A00937678 01/06/2018   Book
    Perpustakaan Langkawi Pinjaman Kanak-kanak 21/08/2000     K 398.245 JAA A00937679 01/06/2018   Book
    Perpustakaan Sik Pinjaman Kanak-kanak 29/03/2000 1 1 K 398.245 JAA A00899725 22/09/2024 01/08/2024 Book
    PD18, Kg. Wang Tepus, Jitra Pinjaman Kanak-kanak 16/10/1999     K 398.245 JAA A00291225 01/06/2018   Book
    PD18, Kg. Wang Tepus, Jitra Pinjaman Kanak-kanak 16/10/1999     K 398.245 JAA A00291226 01/06/2018   Book
    PD27, Kg. Bendang Bukit, Pendang Pinjaman Kanak-kanak 26/07/2000     K 398.245 JAA A00927680 01/06/2018   Book